Dolls and puppets /

Bibliographic Details
Main Author: Cockett, Mary
Format: Book
Language:English
Published: Newton Abbot ; North Pomfret, Vt. : David & Charles, 1974.
Subjects:

MARC

Tag First Indicator Second Indicator Subfields
LEADER 00000cam a2200000 i 4500
001 in00000482721
005 20151013051756.0
008 741202s1974 enka 00110 eng
010 |a  74190267  
015 |a GB74-21520 
020 |a 0715363115 :  |c 1.60 
035 |a (OCoLC)01121687 
035 |9 ACB2510AM 
040 |a DLC  |c DLC  |d TXA  |d UtOrBLW 
049 |a TXAM  |c [1104346] 
050 0 0 |a NK4893  |b .C57 
082 0 |a 745.59/22 
100 1 |a Cockett, Mary. 
245 1 0 |a Dolls and puppets /  |c [by] Mary Cockett. 
264 1 |a Newton Abbot ;  |a North Pomfret, Vt. :  |b David & Charles,  |c 1974. 
300 |a 80 pages :  |b illustrations ;  |c 22 cm. 
336 |a text  |b txt  |2 rdacontent 
337 |a unmediated  |b n  |2 rdamedia 
338 |a volume  |b nc  |2 rdacarrier 
500 |a Includes index. 
650 0 |a Dolls. 
650 0 |a Puppets. 
999 |a MARS 
999 f f |s 1767de36-170a-3b3f-a4fb-dca96cda5711  |i bceaf535-01ba-3123-af6f-a16e77eeb753  |t 0 
952 f f |p normal  |a Texas A&M University  |b College Station  |c Sterling C. Evans Library  |d Evans: Library Stacks  |t 0  |e NK4893 .C57  |h Library of Congress classification  |i unmediated -- volume  |m A14803508193 
998 f f |a NK4893 .C57  |t 0  |l Evans: Library Stacks